000 00732nam a2200205Ia 4500
003 GCL
008 140319s9999 xx 000 0 ara d
040 _aGCL /
_cGCL
082 0 4 _aد
_b050
_bد هـ
245 1 0 _aالهلال اغسطس 1992 : 40 عاما على سقوط الملك فاروق
260 _aالقاهرة :
_bدار الهلال للطباعة والنشر ،
_c1992
650 0 4 _aالقصص العربية
650 0 4 _aالتعليم الجامعى
650 0 4 _aالجامعات والكليات
650 0 4 _aالتثقيف الذاتى
650 0 4 _aشكرى عياد
650 0 4 _aالشعر العربى - دواوين وقصائد
650 0 4 _aاللغة العربية - علم
942 _2ddc
_cCR
999 _c6737
_d6737